[Event "ESP-ch FEDC 28th"]
[Site "Ubeda"]
[Date "2019.11.22"]
[Round "4"]
[White "Munoz Perez, Javier C"]
[Black "Garcia Cervigon, Cecilio"]
[Result "1-0"]
[WhiteElo "1561"]
[BlackElo "1733"]
[PlyCount "117"]
[EventDate "2019.11.19"]
[EventType "swiss"]
[EventRounds "8"]
[EventCountry "ESP"]
[SourceTitle "EXT 2024"]
[Source "ChessBase"]
[SourceDate "2023.10.10"]
[SourceVersion "1"]
[SourceVersionDate "2023.10.10"]
[SourceQuality "1"]

1. Nf3 f5 2. g3 Nf6 3. Bg2 d6 4. 0-0 e5 5. d3 Be7 6. Nbd2 0-0 7. e4 fxe4 8. dxe4 Kh8 9. Qe2 Bg4 10. h3 Be6 11. Ng5 Bg8 12. Nc4 h6 13. Nf3 Nc6 14. Nh4 Nd4 15. Ng6+ Kh7 16. Nxf8+ Qxf8 17. Qd3 Nd7 18. b4 Qf7 19. Nd2 Rf8 20. c3 Ne6 21. Nf3 g5 22. Qe3 b6 23. Bd2 Kh8 24. Nh2 Qg6 25. a4 c5 26. a5 b5 27. Rab1 a6 28. Rbd1 Ng7 29. f4 Bb3 30. Rc1 Bc4 31. Rf2 gxf4 32. gxf4 Bh4 33. Rf3 Nh5 34. fxe5 Rg8 35. Qxh6+ Qxh6 36. Bxh6 Nxe5 37. Re3 Ng3 38. Rd1 Kh7 39. Rxd6 Ne2+ 40. Kh1 Ng3+ 41. Kg1 Ne2+ 42. Rxe2 Bxe2 43. Bf4 Ng6 44. Be3 cxb4 45. cxb4 Be7 46. Rxa6 Nh4 47. Ng4 Bxg4 48. Rh6+ Kg7 49. hxg4 Ng6 50. a6 Bxb4 51. g5 Be7 52. Bd4+ Kf7 53. Rh7+ Ke6 54. a7 Nf4 55. Rh6+ Kd7 56. Bf3 Bxg5 57. Rh7+ Ke6 58. e5 Nd5 59. Bg4# 1-0

[Event "Almunecar FEDC op 23th"]
[Site "Almunecar"]
[Date "2019.10.03"]
[Round "6"]
[White "Garcia Cervigon, Cecilio"]
[Black "Martinez Colomar, Alejandro"]
[Result "1-0"]
[WhiteElo "1703"]
[BlackElo "1855"]
[PlyCount "77"]
[EventDate "2019.09.28"]
[EventType "swiss"]
[EventRounds "7"]
[EventCountry "ESP"]
[SourceTitle "EXT 2024"]
[Source "ChessBase"]
[SourceDate "2023.10.10"]
[SourceVersion "1"]
[SourceVersionDate "2023.10.10"]
[SourceQuality "1"]

1. d4 Nf6 2. c4 e5 3. dxe5 Ng4 4. Nf3 Bc5 5. e3 Nc6 6. Nbd2 a5 7. b3 0-0 8. Bd3 Re8 9. Bb2 h6 10. 0-0 Ngxe5 11. Nxe5 Nxe5 12. Be2 d6 13. Nf3 Nxf3+ 14. Bxf3 Qg5 15. Bd4 Rb8 16. Bxc5 Qxc5 17. Qd5 Qxd5 18. Bxd5 Bg4 19. h3 Bh5 20. g4 Bg6 21. Rad1 a4 22. b4 Kf8 23. Rd2 f5 24. Rd4 fxg4 25. Rxg4 Bh7 26. Rf4+ Ke7 27. Rf7+ Kd8 28. Rxg7 Bf5 29. Kh2 c6 30. Bg8 Rf8 31. Rd1 Rf6 32. Rd4 Bb1 33. a3 Rxf2+ 34. Kg3 Rf6 35. Rf4 Rxf4 36. exf4 Ke8 37. Be6 Rd8 38. f5 b5 39. f6 1-0

[Event "Almunecar FEDC op 23th"]
[Site "Almunecar"]
[Date "2019.10.02"]
[Round "5"]
[White "Garcia Cervigon, Cecilio"]
[Black "Menendez Solar, Jose Carlos"]
[Result "1/2-1/2"]
[WhiteElo "1703"]
[BlackElo "1767"]
[PlyCount "37"]
[EventDate "2019.09.28"]
[EventType "swiss"]
[EventRounds "7"]
[EventCountry "ESP"]
[SourceTitle "EXT 2024"]
[Source "ChessBase"]
[SourceDate "2023.10.10"]
[SourceVersion "1"]
[SourceVersionDate "2023.10.10"]
[SourceQuality "1"]

1. d4 f5 2. e4 fxe4 3. Nc3 Nf6 4. Bg5 Nc6 5. Bxf6 exf6 6. d5 Ne5 7. Qd4 g6 8. Qxe4 Kf7 9. Be2 d6 10. f4 Nd7 11. Nf3 f5 12. Ng5+ Kg7 13. Qd4+ Qf6 14. Ne6+ Kf7 15. Qxf6+ Kxf6 16. Nxc7 Rb8 17. Ne6 Bh6 18. 0-0 Nb6 19. Nd4 1/2-1/2

[Event "ESP-ch FEDC 27th"]
[Site "Almunecar"]
[Date "2018.11.27"]
[Round "2"]
[White "Menendez Solar, Jose Carlos"]
[Black "Garcia Cervigon, Cecilio"]
[Result "1/2-1/2"]
[WhiteElo "1826"]
[BlackElo "1699"]
[PlyCount "56"]
[EventDate "2018.11.26"]
[EventType "swiss"]
[EventRounds "8"]
[EventCountry "ESP"]
[SourceTitle "EXT 2024"]
[Source "ChessBase"]
[SourceDate "2023.10.10"]
[SourceVersion "1"]
[SourceVersionDate "2023.10.10"]
[SourceQuality "1"]

1. d4 d5 2. c4 e6 3. Nc3 Nf6 4. cxd5 exd5 5. Bg5 Nbd7 6. e3 Be7 7. Bd3 c6 8. Qc2 h6 9. Bh4 Nh5 10. Bxe7 Qxe7 11. Nge2 Nf8 12. h3 Nf6 13. 0-0-0 Ne6 14. Kb1 Bd7 15. g4 0-0-0 16. Ng3 g6 17. Rhe1 Kb8 18. Qb3 Ng5 19. Bf1 Rhe8 20. Bg2 Be6 21. Qc2 Qc7 22. f4 Ngh7 23. Qf2 Bd7 24. e4 dxe4 25. Ngxe4 Nxe4 26. Nxe4 Be6 27. Nc3 Nf6 28. f5 gxf5 1/2-1/2

[Event "Almunecar FEDC op 21th"]
[Site "Almunecar"]
[Date "2018.10.05"]
[Round "4"]
[White "Mesa Garcia, Angel"]
[Black "Garcia Cervigon, Cecilio"]
[Result "1/2-1/2"]
[WhiteElo "1639"]
[BlackElo "1705"]
[PlyCount "64"]
[EventDate "2018.10.02"]
[EventType "swiss"]
[EventRounds "7"]
[EventCountry "ESP"]
[SourceTitle "EXT 2024"]
[Source "ChessBase"]
[SourceDate "2023.10.10"]
[SourceVersion "1"]
[SourceVersionDate "2023.10.10"]
[SourceQuality "1"]

1. e4 d5 2. exd5 Qxd5 3. Nc3 Qa5 4. g3 Nf6 5. Bg2 c6 6. Nge2 e5 7. 0-0 Be7 8. d3 Bg4 9. Bd2 Qc7 10. Rb1 Nbd7 11. a3 0-0 12. b4 Rad8 13. Qc1 a6 14. Re1 Nb6 15. Bg5 Rfe8 16. h3 Be6 17. Ne4 Nxe4 18. Bxe7 Rxe7 19. dxe4 Red7 20. Nc3 Rd2 21. Rd1 Nc4 22. Bf1 Qb6 23. Rxd2 Rxd2 24. Ne2 Bxh3 25. Rb3 Bxf1 26. Kxf1 Qd8 27. Ke1 Qg5 28. Rd3 Rxe2+ 29. Kxe2 Qh5+ 30. Kf1 Qh1+ 31. Ke2 Qxe4+ 32. Kf1 Qh1+ 1/2-1/2

[Event "Benidorm FEDC op 20th"]
[Site "Benidorm"]
[Date "2018.06.13"]
[Round "4"]
[White "Garcia Cervigon, Cecilio"]
[Black "Delgado Lagares, Francisco Javier"]
[Result "0-1"]
[WhiteElo "1729"]
[BlackElo "1745"]
[PlyCount "56"]
[EventDate "2018.06.10"]
[EventType "swiss"]
[EventRounds "7"]
[EventCountry "ESP"]
[SourceTitle "CBM 184 Extra"]
[Source "ChessBase"]
[SourceDate "2018.06.28"]
[SourceVersion "1"]
[SourceVersionDate "2018.06.28"]
[SourceQuality "1"]

1. d4 d5 2. c4 e6 3. Nc3 Nf6 4. Nf3 a6 5. e3 dxc4 6. Bxc4 b5 7. Bd3 Bb7 8. 0-0 Nbd7 9. Qe2 c5 10. Rd1 Qc7 11. e4 cxd4 12. Nxd4 Bc5 13. Be3 0-0 14. Rac1 Qe5 15. Nf3 Qh5 16. Bxc5 Nxc5 17. Bb1 Rac8 18. Qe3 Ncd7 19. Qa7 Nc5 20. b4 Ncxe4 21. Qxb7 Nxc3 22. Kf1 Rb8 23. Qxa6 Nxd1 24. Rxd1 Nd5 25. Rd4 Qh6 26. Be4 Qc1+ 27. Ne1 Rfc8 28. Qa7 Ra8 0-1

[Event "Benidorm FEDC op 20th"]
[Site "Benidorm"]
[Date "2018.06.11"]
[Round "2"]
[White "Garcia Cervigon, Cecilio"]
[Black "Miramon Borragan, Gustavo"]
[Result "1/2-1/2"]
[WhiteElo "1729"]
[BlackElo "1585"]
[PlyCount "92"]
[EventDate "2018.06.10"]
[EventType "swiss"]
[EventRounds "7"]
[EventCountry "ESP"]
[SourceTitle "CBM 184 Extra"]
[Source "ChessBase"]
[SourceDate "2018.06.28"]
[SourceVersion "1"]
[SourceVersionDate "2018.06.28"]
[SourceQuality "1"]

1. b3 Nf6 2. Bb2 d5 3. Nf3 Bg4 4. e3 e6 5. h3 Bh5 6. Be2 Bd6 7. d4 Ne4 8. Nfd2 Bg6 9. Nxe4 Bxe4 10. 0-0 Qg5 11. Bf3 Bf5 12. Kh1 Qg6 13. c4 c6 14. Bh5 Qg5 15. f4 Qg3 16. Qf3 Qh4 17. Bg4 Be4 18. Qf2 Qxf2 19. Rxf2 f5 20. Be2 Nd7 21. Nd2 Be7 22. Kh2 Nf6 23. c5 h5 24. b4 Rb8 25. a4 Kd7 26. Bc3 g6 27. Rff1 Rhg8 28. Nf3 Bxf3 29. Bxf3 Ne4 30. Bxe4 fxe4 31. Be1 Rbf8 32. h4 Rb8 33. g3 Bf6 34. Kg2 Ra8 35. Bc3 Bd8 36. Rfb1 Bc7 37. Kf1 Rgb8 38. Ke2 Bd8 39. Kd1 Be7 40. Kc2 Bd8 41. Rg1 Be7 42. Rg2 Rg8 43. Rag1 Raf8 44. Be1 Ke8 45. b5 Kf7 46. Bf2 Rb8 1/2-1/2

[Event "ESP-ch FEDC 26th"]
[Site "Ciudad Real"]
[Date "2017.11.19"]
[Round "8.19"]
[White "Garcia Cervigon, Cecilio"]
[Black "Munoz Perez, Javier C"]
[Result "1/2-1/2"]
[WhiteElo "1753"]
[BlackElo "1541"]
[PlyCount "47"]
[EventDate "2017.11.12"]
[EventType "swiss"]
[EventRounds "8"]
[EventCountry "ESP"]
[SourceTitle "EXT 2024"]
[Source "ChessBase"]
[SourceDate "2023.10.10"]
[SourceVersion "1"]
[SourceVersionDate "2023.10.10"]
[SourceQuality "1"]

1. d4 d5 2. c4 Nf6 3. cxd5 Qxd5 4. Nc3 Qa5 5. Bd2 c6 6. Nf3 Nbd7 7. e4 e6 8. e5 Nd5 9. Nxd5 Qxd5 10. Qc2 Nb6 11. Bd3 h6 12. a4 Qd7 13. Be4 Nd5 14. 0-0 Be7 15. Rac1 a5 16. Rfd1 0-0 17. Ne1 f6 18. Nd3 f5 19. Bf3 Qe8 20. Nf4 g5 21. Bh5 Qd8 22. Ng6 Re8 23. Qd3 Kh7 24. Nxe7 1/2-1/2

[Event "Benidorm op 18th"]
[Site "Benidorm"]
[Date "2017.06.12"]
[Round "2"]
[White "Mendez Manturano, Miguel Eduardo"]
[Black "Garcia Cervigon, Cecilio"]
[Result "1-0"]
[WhiteElo "1634"]
[BlackElo "1792"]
[PlyCount "55"]
[EventDate "2017.06.11"]
[EventType "swiss"]
[EventRounds "7"]
[EventCountry "ESP"]
[SourceTitle "EXT 2018"]
[Source "ChessBase"]
[SourceDate "2017.10.13"]
[SourceVersion "1"]
[SourceVersionDate "2017.10.13"]
[SourceQuality "1"]

1. e4 c6 2. e5 d5 3. Bd3 c5 4. c3 Nc6 5. f4 Nh6 6. Nf3 Qb6 7. Na3 c4 8. Bb1 e6 9. Nc2 Bc5 10. Ne3 g6 11. Qe2 Nf5 12. Ng4 Be7 13. Bxf5 gxf5 14. Nf6+ Bxf6 15. exf6 Qd8 16. d3 cxd3 17. Qxd3 Qxf6 18. Be3 Bd7 19. 0-0 0-0-0 20. b4 Rhg8 21. b5 Qg7 22. g3 Na5 23. Bxa7 Nc4 24. Bd4 Qg4 25. Ne5 Nxe5 26. Bxe5 Qg6 27. Qd4 Bxb5 28. Qb6 1-0

[Event "Benidorm FEDC op 16th"]
[Site "Benidorm"]
[Date "2016.06.15"]
[Round "4.1"]
[White "Garcia Cervigon, Cecilio"]
[Black "Pimienta Sanchez, Manuel"]
[Result "0-1"]
[WhiteElo "1837"]
[BlackElo "1828"]
[PlyCount "92"]
[EventDate "2016.06.12"]
[EventType "swiss"]
[EventRounds "7"]
[EventCountry "ESP"]
[SourceTitle "EXT 2024"]
[Source "ChessBase"]
[SourceDate "2023.10.10"]
[SourceVersion "1"]
[SourceVersionDate "2023.10.10"]
[SourceQuality "1"]

1. d4 d6 2. c4 Nf6 3. Nc3 g6 4. e4 Bg7 5. f3 Nbd7 6. Be3 c5 7. d5 Qb6 8. Qd2 Ne5 9. b3 h5 10. h3 h4 11. Bg5 Ned7 12. Bd3 Nf8 13. Nge2 Rh5 14. Be3 Rh8 15. Bg5 Rh5 16. Be3 Bd7 17. f4 0-0-0 18. Ng1 e6 19. Nf3 exd5 20. cxd5 Re8 21. 0-0-0 Qb4 22. e5 Ng8 23. Ne4 Qxd2+ 24. Rxd2 Kb8 25. Nxd6 Re7 26. Bxc5 b6 27. Ba3 Bc8 28. Nxc8 Rc7+ 29. Kb1 Rxc8 30. Rc1 Rxc1+ 31. Bxc1 Nd7 32. Rc2 Nc5 33. Bb5 Ne7 34. d6 Nd5 35. d7 Rh8 36. Ba3 Nxf4 37. Bxc5 bxc5 38. Rxc5 Ne6 39. Rc4 Kb7 40. Rc8 Rd8 41. Ng5 Rxd7 42. Bxd7 Nxg5 43. Rc5 Kb6 44. b4 Ne4 45. Rb5+ Kc7 46. Be8 Nc3+ 0-1

[Event "FEDC Cup Div/1 16th"]
[Site "Cambrils"]
[Date "2015.11.26"]
[Round "5.2"]
[White "Garcia Cervigon, Cecilio"]
[Black "Martinez Lopez Cozar, Manuel"]
[Result "1-0"]
[WhiteElo "1812"]
[BlackElo "1649"]
[PlyCount "81"]
[EventDate "2015.11.22"]
[EventType "team-tourn"]
[EventRounds "7"]
[EventCountry "ESP"]
[SourceTitle "CBM 169 Extra"]
[Source "ChessBase"]
[SourceDate "2015.12.18"]
[SourceVersion "1"]
[SourceVersionDate "2015.12.18"]
[SourceQuality "1"]
[WhiteTeam "Castilla La Mancha"]
[BlackTeam "Barcelona II"]
[WhiteTeamCountry "ESP"]
[BlackTeamCountry "ESP"]

1. d4 Nf6 2. c4 e5 3. dxe5 Ng4 4. Nf3 Bc5 5. e3 Qe7 6. Be2 Nc6 7. Nc3 Ngxe5 8. Nxe5 Nxe5 9. Nd5 Qd8 10. b4 Be7 11. Bb2 f6 12. a3 d6 13. 0-0 0-0 14. f4 Nf7 15. Bd3 c6 16. Qh5 Nh6 17. Nxe7+ Qxe7 18. Rae1 Qf7 19. Qd1 Be6 20. Qc2 f5 21. Rf3 Qd7 22. Rg3 Ng4 23. Rf1 a6 24. Rff3 b5 25. h3 Nf6 26. Rg5 Ne8 27. Rfg3 Rf7 28. h4 bxc4 29. Bxc4 Bxc4 30. Qxc4 d5 31. Qc2 Qe6 32. Bd4 Nf6 33. Rxf5 Ne8 34. Re5 Qd7 35. Reg5 Rc8 36. h5 Rc7 37. h6 Qe6 38. hxg7 Qe4 39. Qxe4 dxe4 40. Re5 Nf6 41. Re6 1-0

[Event "FEDC Cup Div/1 16th"]
[Site "Cambrils"]
[Date "2015.11.24"]
[Round "3.2"]
[White "Garcia Cervigon, Cecilio"]
[Black "Pelaez Carrasco, Jesus"]
[Result "1-0"]
[WhiteElo "1812"]
[BlackElo "1558"]
[PlyCount "53"]
[EventDate "2015.11.22"]
[EventType "team-tourn"]
[EventRounds "7"]
[EventCountry "ESP"]
[SourceTitle "CBM 169 Extra"]
[Source "ChessBase"]
[SourceDate "2015.12.18"]
[SourceVersion "1"]
[SourceVersionDate "2015.12.18"]
[SourceQuality "1"]
[WhiteTeam "Castilla La Mancha"]
[BlackTeam "Pais Vasco"]
[WhiteTeamCountry "ESP"]
[BlackTeamCountry "ESP"]

1. d4 d5 2. c4 e6 3. Nc3 Nf6 4. Bg5 Be7 5. e3 Nbd7 6. Nf3 0-0 7. Qc2 c5 8. dxc5 Nxc5 9. Rd1 b6 10. cxd5 exd5 11. Bxf6 Bxf6 12. Nxd5 Bb7 13. Nxf6+ Qxf6 14. Be2 Rac8 15. 0-0 Rfe8 16. Qd2 Rcd8 17. Qb4 Rc8 18. Rc1 Bxf3 19. gxf3 Re5 20. Kh1 Rce8 21. Rg1 Nd3 22. Bxd3 Qxf3+ 23. Rg2 Rg5 24. Bf1 h6 25. Qf4 Qxf4 26. exf4 Rd5 27. Bc4 1-0

[Event "FEDC Cup Div/1 16th"]
[Site "Cambrils"]
[Date "2015.11.22"]
[Round "1.2"]
[White "Garcia Cervigon, Cecilio"]
[Black "Martinez Colomar, Alejandro"]
[Result "1/2-1/2"]
[WhiteElo "1812"]
[BlackElo "1874"]
[PlyCount "87"]
[EventDate "2015.11.22"]
[EventType "team-tourn"]
[EventRounds "7"]
[EventCountry "ESP"]
[SourceTitle "CBM 169 Extra"]
[Source "ChessBase"]
[SourceDate "2015.12.18"]
[SourceVersion "1"]
[SourceVersionDate "2015.12.18"]
[SourceQuality "1"]
[WhiteTeam "Castilla La Mancha"]
[BlackTeam "Castilla y Leon"]
[WhiteTeamCountry "ESP"]
[BlackTeamCountry "ESP"]

1. d4 Nf6 2. c4 g6 3. Nc3 Bg7 4. e4 d6 5. f3 0-0 6. Be3 Nbd7 7. Nh3 a6 8. Qd2 c5 9. d5 Ne5 10. Nf2 b5 11. cxb5 axb5 12. Bxb5 Qa5 13. Be2 Ba6 14. 0-0 Nc4 15. Bxc4 Bxc4 16. Rfc1 Rfb8 17. b3 Bb5 18. Rab1 Nd7 19. Nfd1 Ne5 20. Nxb5 Qxd2 21. Bxd2 Rxb5 22. a4 Rb7 23. Bc3 Bh6 24. Rc2 Rxa4 25. Bxe5 dxe5 26. Rxc5 Ra2 27. Kf1 Bf4 28. h3 Bd2 29. Nc3 Ra3 30. Ke2 Bf4 31. b4 Ra8 32. b5 Kf8 33. b6 Ke8 34. Rc7 Rxc7 35. bxc7 Rc8 36. Rb8 Kd7 37. Nb5 Bh2 38. Kd3 Bg1 39. Kc4 Bf2 40. d6 exd6 41. Kd5 f6 42. Nxd6 Rxc7 43. Rb7 Rxb7 44. Nxb7 1/2-1/2

[Event "Benidorm Ciegos-ch 15th"]
[Site "Benidorm"]
[Date "2015.06.10"]
[Round "4"]
[White "Pimienta Sanchez, Manuel"]
[Black "Garcia Cervigon, Cecilio"]
[Result "1/2-1/2"]
[WhiteElo "1799"]
[BlackElo "1832"]
[PlyCount "24"]
[EventDate "2015.06.07"]
[EventType "swiss"]
[EventRounds "7"]
[EventCountry "ESP"]
[SourceTitle "CBM 167 Extra"]
[Source "ChessBase"]
[SourceDate "2015.09.14"]
[SourceVersion "1"]
[SourceVersionDate "2015.09.14"]
[SourceQuality "1"]

1. d4 Nf6 2. c4 e6 3. Nc3 d5 4. Nf3 c6 5. e3 Nbd7 6. Be2 Bd6 7. h3 0-0 8. 0-0 b6 9. a3 dxc4 10. Bxc4 c5 11. d5 exd5 12. Nxd5 Bb7 1/2-1/2

[Event "Benidorm Ciegos-ch 15th"]
[Site "Benidorm"]
[Date "2015.06.08"]
[Round "2"]
[White "Mesa Garcia, Angel"]
[Black "Garcia Cervigon, Cecilio"]
[Result "0-1"]
[WhiteElo "1715"]
[BlackElo "1832"]
[PlyCount "29"]
[EventDate "2015.06.07"]
[EventType "swiss"]
[EventRounds "7"]
[EventCountry "ESP"]
[SourceTitle "CBM 167 Extra"]
[Source "ChessBase"]
[SourceDate "2015.09.14"]
[SourceVersion "1"]
[SourceVersionDate "2015.09.14"]
[SourceQuality "1"]

1. d4 c6 2. Nf3 f5 3. Bf4 Nf6 4. c4 d6 5. Nc3 Be6 6. Qb3 Qc7 7. h3 Nbd7 8. e3 b5 9. d5 bxc4 10. Bxc4 Nxd5 11. Nxd5 Bxd5 12. Bxd5 Qa5+ 13. Qc3 Qxc3+ 14. bxc3 cxd5 15. Nd2 0-1

[Event "Linares FEDC-ch 24th"]
[Site "Linares"]
[Date "2014.11.18"]
[Round "3"]
[White "Miramon Borragan, Gustavo"]
[Black "Garcia Cervigon, Cecilio"]
[Result "0-1"]
[WhiteElo "1626"]
[BlackElo "1807"]
[PlyCount "65"]
[EventDate "2014.11.16"]
[EventType "swiss"]
[EventRounds "8"]
[EventCountry "ESP"]
[SourceTitle "CBM 163 Extra"]
[Source "ChessBase"]
[SourceDate "2014.12.23"]
[SourceVersion "1"]
[SourceVersionDate "2014.12.23"]
[SourceQuality "1"]

1. e4 c6 2. d4 d5 3. exd5 cxd5 4. h3 Nc6 5. Nf3 g6 6. c3 Bg7 7. Be3 Nh6 8. g4 f6 9. Bd3 e5 10. Bc2 e4 11. Nfd2 0-0 12. f4 f5 13. g5 Nf7 14. Bb3 Be6 15. h4 h6 16. Qe2 h5 17. Na3 Nd6 18. c4 dxc4 19. Naxc4 Nxd4 20. Bxd4 Bxd4 21. Nxd6 Qxd6 22. Bxe6+ Qxe6 23. Nb3 Bb6 24. 0-0-0 Rfd8 25. Rdf1 Rd3 26. Kb1 Rad8 27. Nc1 Rd2 28. Qb5 R8d5 29. Qb3 Bd4 30. Rd1 Rxb2+ 31. Qxb2 Bxb2 32. Kxb2 Rxd1 33. Rxd1 0-1

[Event "Linares FEDC-ch 24th"]
[Site "Linares"]
[Date "2014.11.17"]
[Round "2"]
[White "Garcia Cervigon, Cecilio"]
[Black "Draghici Flutur, Gavril"]
[Result "0-1"]
[WhiteElo "1807"]
[BlackElo "2164"]
[PlyCount "36"]
[EventDate "2014.11.16"]
[EventType "swiss"]
[EventRounds "8"]
[EventCountry "ESP"]
[SourceTitle "CBM 163 Extra"]
[Source "ChessBase"]
[SourceDate "2014.12.23"]
[SourceVersion "1"]
[SourceVersionDate "2014.12.23"]
[SourceQuality "1"]

1. e4 c5 2. Nf3 Nc6 3. c4 Nd4 4. Nc3 g6 5. d3 Bg7 6. g3 e6 7. Bg2 Ne7 8. Rb1 0-0 9. Bf4 d5 10. 0-0 dxc4 11. dxc4 Nec6 12. Qd2 Qe7 13. Rfd1 Rd8 14. Qc1 e5 15. Bg5 f6 16. Be3 Bg4 17. Bxd4 Nxd4 18. Qe3 Qf8 0-1

[Event "Benidorm FEDC op 14th"]
[Site "Benidorm"]
[Date "2014.06.14"]
[Round "7"]
[White "Garcia Cervigon, Cecilio"]
[Black "Coves Sepulcre, Laureano"]
[Result "1/2-1/2"]
[WhiteElo "1796"]
[BlackElo "1827"]
[PlyCount "55"]
[EventDate "2014.06.08"]
[EventType "swiss"]
[EventRounds "7"]
[EventCountry "ESP"]
[SourceTitle "EXT 2016"]
[Source "ChessBase"]
[SourceDate "2015.10.08"]
[SourceVersion "1"]
[SourceVersionDate "2015.10.08"]
[SourceQuality "1"]

1. d4 d5 2. Nf3 Nf6 3. c4 c6 4. cxd5 cxd5 5. Nc3 Nc6 6. e3 Bg4 7. Be2 e6 8. h3 Bxf3 9. Bxf3 Bd6 10. Bd2 0-0 11. Rc1 Rc8 12. Be2 Na5 13. 0-0 Nc4 14. b3 Nxd2 15. Qxd2 Bb4 16. Qb2 Qa5 17. Nb1 Ne4 18. a3 Bd6 19. b4 Qb6 20. Rxc8 Rxc8 21. Rc1 Rxc1+ 22. Qxc1 Qc7 23. Qxc7 Bxc7 24. Bd3 Nd6 25. Nc3 Kf8 26. Kf1 g6 27. Nb5 Nxb5 28. Bxb5 1/2-1/2

[Event "Benidorm FEDC op 14th"]
[Site "Benidorm"]
[Date "2014.06.11"]
[Round "4"]
[White "Martinez Morina, Manel"]
[Black "Garcia Cervigon, Cecilio"]
[Result "0-1"]
[WhiteElo "1892"]
[BlackElo "1796"]
[PlyCount "111"]
[EventDate "2014.06.08"]
[EventType "swiss"]
[EventRounds "7"]
[EventCountry "ESP"]
[SourceTitle "EXT 2016"]
[Source "ChessBase"]
[SourceDate "2015.10.08"]
[SourceVersion "1"]
[SourceVersionDate "2015.10.08"]
[SourceQuality "1"]

1. e4 c6 2. d4 d5 3. e5 Bf5 4. c3 e6 5. Be3 Qb6 6. Qb3 Nd7 7. Nd2 c5 8. Qxb6 axb6 9. f4 Ne7 10. Ngf3 Nc6 11. Be2 Be7 12. 0-0 c4 13. Bf2 b5 14. a3 Nb6 15. Bd1 b4 16. cxb4 Nxb4 17. Ne1 0-0 18. g4 Bd3 19. Nxd3 Nxd3 20. Rb1 Nxf4 21. Be3 Ng6 22. Bc2 Nd7 23. Bf2 b5 24. Ra1 Rfb8 25. Rfb1 Bf8 26. h4 Ne7 27. Kg2 Nc6 28. Kg3 Na5 29. Ra2 Nb6 30. Nf3 Nc6 31. Raa1 Na4 32. Be3 Na5 33. Ra2 Be7 34. Bd2 Nc6 35. Be3 Ra7 36. Raa1 Rba8 37. Ra2 Nb6 38. Raa1 b4 39. Bc1 b3 40. Bd1 Nb4 41. Ne1 Nc6 42. Bd2 Bb4 43. Bxb4 Nxb4 44. Be2 Nc6 45. Rd1 Na4 46. Rd2 Na5 47. Rc1 Rc8 48. Bd1 Rac7 49. Rf2 c3 50. Nd3 g6 51. Kf4 Kg7 52. Rh2 cxb2 53. Rxc7 b1Q 54. Bc2 bxc2 55. Rxc8 Qf1+ 56. Ke3 0-1